Graphic Fusion
| Main Author: | |
|---|---|
| Format: | Book |
| Published: |
New York :
HBI ,
2003
|
| Subjects: |
MARC
| LEADER | 00000cam a2200000 7i4500 | ||
|---|---|---|---|
| 001 | 0000012253 | ||
| 005 | 20050503.0 | ||
| 020 | |a 0060087676 | ||
| 040 | |a INS | ||
| 090 | 0 | 0 | |a Z244.3 |b W38 2003 |
| 100 | 1 | |a Walton, Roger | |
| 245 | 1 | 0 | |a Graphic Fusion |c Roger Walton |
| 260 | |a New York : |b HBI , |c 2003 | ||
| 300 | |a 203p : |b 28cm | ||
| 650 | 0 | 0 | |a Printing |x Graphic design (Typography) |
| 999 | |a 0000011839 |b BOOK |c Open Shelf |e Default branch | ||